Wszystkie państwa dawnego ZSRR - Statystyki

Ogólne statystyki
  • Ten quiz został rozwiązany 215 razy
  • Średni wynik to 13 z 15
Statystyki odpowiedzi
Odpowiedź % Poprawnych
Estonia
98%
Litwa
98%
Łotwa
98%
Ukraina
98%
Białoruś
96%
Kazachstan
96%
Rosja
89%
Tadżykistan
87%
Uzbekistan
87%
Gruzja
86%
Mołdawia
84%
Kirgistan
83%
Turkmenistan
82%
Armenia
81%
Azerbejdżan
80%
Nie znaleziono quizów pasujących do podanych kryteriów
Rozkład punktacji
Procent ludzi z każdym wynikiem
Percentyl według liczby udzielonych odpowiedzi
Twoja historia wyników
Nie rozwiązałeś tego quizu